Los 15 países con mayor inmigración española - Estadísticas

Estadísticas generales
  • Esta prueba ha sido intentada 86 veces
  • La puntuación promedio es 13 de 15
Estadísticas de respuestas
Top N° de Españoles
que emigraron
Respuesta % Correcto
11° 35.124 Italia
99%
186.074 Alemania
98%
99.006 Argentina
98%
102.633 Estados Unidos
98%
282.397 Francia
98%
150.892 Reino unido
98%
13° 24.731 México
95%
68.909 Suiza
90%
12° 31.415 Países Bajos
88%
49.754 Belgica
87%
10° 39.028 Brasil
84%
15° 21.798 Chile
84%
70.318 Venezuela
66%
14° 22.196 Andorra
57%
61.861 Rumania
41%
No se encontraron pruebas coincidentes
Distribución de puntuación
Porcentaje de gente con cada puntuación
Porcentaje por número respondido
Historial de tus puntuaciones
No has intentado esta prueba.